000 00956nam a2200253Ia 4500
003 OSt
005 20220923211012.0
006 a|||||r|||| 00| 0
007 ta
008 220922b |||||||| |||| 00| 0 hin d
020 _a8170551935 (hbk)
_c150
024 _a242,158
037 _b523, 10/03/2010, Vani Prakashan
_cTextual
040 _aARTS
_cARTS
_bhin
041 _2hin
_ahin
082 _aNW44, 152P3
100 _aभट्ट, महेश; ब्रह्मात्मज, अजय, संपा.
_9157024
245 0 _aजागी रातों के किस्से
246 _aJāgī rātoan ke kisse
260 _aनयी दिल्ली
_b वाणी प्रकाशन
_c2003
300 _a166पृ.
_ccm.
942 _hNW44, 152P3
_cTEXL
_2CC
999 _c293747
_d293747